[Event "New Zealand Open Ch'p 2015"]
[Site "Devonport, Auckland"]
[Date "2015.01.03"]
[Round "3.45"]
[White "Pakenham, John"]
[Black "Meng, Richard"]
[Result "1-0"]
[WhiteElo "1704"]
[BlackElo "1106"]
[PlyCount "37"]
[EventDate "2015.01.01"]
[EventType "swiss"]
[EventRounds "9"]
[SourceDate "2015.01.01"]

1. e4 e5 2. f4 d6 3. Nf3 Nc6 4. Bc4 Nf6 5. d3 Bg4 6. O-O Nd4 7. c3 Nxf3+ 8.
gxf3 Bh3 9. Rf2 exf4 10. Bxf4 g5 11. Be3 g4 12. fxg4 Nxg4 13. Bxf7+ Kd7 14. Rf3
Nxe3 15. Rxe3 Qg5+ 16. Rg3 Qh6 17. Nd2 Be7 18. Nc4 Raf8 19. Qf3 {and the
remaining 40-something moves are unintelligible,} 1-0

[Event "New Zealand Open Ch'p 2015"]
[Site "Devonport, Auckland"]
[Date "2015.01.03"]
[Round "3.46"]
[White "Zhang, Jasmine"]
[Black "Holdo, Karl"]
[Result "1/2-1/2"]
[WhiteElo "1594"]
[BlackElo "1606"]
[PlyCount "76"]
[EventDate "2015.01.01"]
[EventType "swiss"]
[EventRounds "9"]
[SourceDate "2015.01.01"]

1. d4 Nf6 2. c4 e6 3. Nc3 Bb4 4. Bf4 O-O 5. e3 d6 6. Bd3 Nbd7 7. Nge2 e5 8. Bg5
Re8 9. O-O h6 10. Bh4 g5 11. Bg3 e4 12. Bc2 Nb6 13. b3 Bg4 14. Qb1 Bxc3 15.
Nxc3 Qe7 16. h3 Bh5 17. Qb2 Nbd7 18. Nb5 Rec8 19. c5 dxc5 20. Nxc7 cxd4 21.
Nxa8 d3 22. Bd1 Bxd1 23. Rfxd1 Rxa8 24. Rac1 Nd5 25. Qd4 N7f6 26. Be5 Rd8 27.
Bxf6 Nxf6 28. Qb2 g4 29. h4 Nd7 30. g3 Ne5 31. Kg2 Nf3 32. Rc4 d2 33. Qc3 Qe6
34. Qb4 Qd5 35. Qe7 Ne1+ 36. Kh1 Qd3 37. Kg1 Nf3+ 38. Kg2 Ne1+ 1/2-1/2

[Event "New Zealand Open Ch'p 2015"]
[Site "Devonport, Auckland"]
[Date "2015.01.03"]
[Round "3.47"]
[White "Wei, Louie"]
[Black "Laughland, Alexander"]
[Result "1-0"]
[WhiteElo "1423"]
[BlackElo "1873"]
[PlyCount "98"]
[EventDate "2015.01.01"]
[EventType "swiss"]
[EventRounds "9"]
[SourceDate "2015.01.01"]

1. d4 Nf6 2. f4 d6 3. Nf3 Nbd7 4. e3 c5 5. c3 g6 6. Bd3 Bg7 7. O-O O-O 8. Nbd2
d5 9. Ne5 c4 10. Bc2 e6 11. Ndf3 Ne8 12. b3 Qa5 13. Bb2 Nb6 14. a4 Nd6 15. Ba3
Rd8 16. b4 Qa6 17. b5 Nxb5 18. axb5 Qxb5 19. Bc5 f6 20. Ng4 h5 21. Be7 hxg4 22.
Bxd8 gxf3 23. Qxf3 Kf7 24. Rfb1 Qc6 25. Bxb6 a6 26. Qg3 f5 27. Qh4 Bd7 28. Ba4
Qc8 29. Bxd7 Qxd7 30. Bc5 Rh8 31. Qf2 Qc7 32. Qb2 Rb8 33. Qb6 Qc8 34. Qd6 b5
35. Rxa6 Bf8 36. Qxf8+ Qxf8 37. Bxf8 Kxf8 38. Rb4 Kf7 39. Ra5 Kf6 40. Rbxb5 Rg8
41. Rb6 g5 42. g3 Rg7 43. Raa6 Re7 44. fxg5+ Kxg5 45. Rxe6 Rb7 46. Reb6 Rg7 47.
Kf2 Rh7 48. Kf3 f4 49. exf4+ Kf5 1-0

[Event "New Zealand Open Ch'p 2015"]
[Site "Devonport, Auckland"]
[Date "2015.01.03"]
[Round "3.48"]
[White "Holdaway, Steven"]
[Black "Brockway, Andrew"]
[Result "1/2-1/2"]
[WhiteElo "1387"]
[BlackElo "1727"]
[PlyCount "58"]
[EventDate "2015.01.01"]
[EventType "swiss"]
[EventRounds "9"]
[SourceDate "2015.01.01"]

1. Nf3 c5 2. g3 Nc6 3. Bg2 g6 4. e4 Bg7 5. O-O Nf6 6. d3 O-O 7. Nbd2 d6 8. Re1
Bd7 9. Nf1 Ng4 10. h3 Nf6 11. Bf4 e5 12. Bg5 h6 13. Be3 Kh7 14. N1h2 Ne8 15.
Qd2 Nd4 16. c3 Nxf3+ 17. Nxf3 Qc8 18. Kh2 f5 19. exf5 gxf5 20. Nh4 Nf6 21. f4
Qc7 22. fxe5 dxe5 23. Qf2 f4 24. gxf4 exf4 25. Kg1 fxe3 26. Rxe3 Ng4 27. Be4+
Kg8 28. Bd5+ Kh7 29. Be4+ Kg8 1/2-1/2

[Event "New Zealand Open Ch'p 2015"]
[Site "Devonport, Auckland"]
[Date "2015.01.03"]
[Round "3.49"]
[White "Brockman, Roland"]
[Black "Maris, Fred A"]
[Result "1/2-1/2"]
[WhiteElo "1652"]
[BlackElo "1519"]
[PlyCount "52"]
[EventDate "2015.01.01"]
[EventType "swiss"]
[EventRounds "9"]
[SourceDate "2015.01.01"]

1. d4 d5 2. Nf3 Nf6 3. e3 Bg4 4. c4 c6 5. Nc3 a6 6. Qb3 b5 7. cxb5 cxb5 8. Ne5
Bf5 9. Be2 h6 10. O-O e6 11. Bd2 Bd6 12. f4 Nfd7 13. Rac1 O-O 14. Nd1 Nxe5 15.
fxe5 Be7 16. Bb4 Nd7 17. Bxe7 Qxe7 18. Nf2 Nb6 19. Bd3 Bxd3 20. Nxd3 Nc4 21.
Rfe1 Qg5 22. Nc5 Nd2 23. Qd1 Nc4 24. Qe2 Rfc8 25. b3 Nb6 26. Rc2 Qd8 1/2-1/2

[Event "New Zealand Open Ch'p 2015"]
[Site "Devonport, Auckland"]
[Date "2015.01.03"]
[Round "3.50"]
[White "Li, Rodney Xiang Rei"]
[Black "Nylund, Benjamin"]
[Result "1-0"]
[WhiteElo "1452"]
[BlackElo "1453"]
[PlyCount "70"]
[EventDate "2015.01.01"]
[EventType "swiss"]
[EventRounds "9"]
[SourceDate "2015.01.01"]

1. e4 c5 2. Nf3 d6 3. d4 cxd4 4. Nxd4 Nf6 5. Nc3 g6 6. f4 Bg4 7. Be2 Bd7 8. Bb5
Bg7 9. Bxd7+ Nbxd7 10. Be3 O-O 11. Qf3 Rc8 12. O-O a6 13. f5 Ne5 14. Qh3 Qd7
15. Bh6 Bxh6 16. Qxh6 b5 17. fxg6 fxg6 18. Rae1 Qa7 19. Rd1 Rc4 20. Qe3 Neg4
21. Qd3 e5 22. Nce2 exd4 23. Nxd4 Ne5 24. Qe3 Nfg4 25. Rxf8+ Kxf8 26. Ne6+ Ke7
27. Qxa7+ Kxe6 28. Qxa6 Rc6 29. Qxb5 Ne3 30. Qb3+ N5c4 31. Rd3 Rb6 32. Qc3 Rxb2
33. Rxe3 Nxe3 34. Qxe3 Rb1+ 35. Kf2 Rh1 1-0

[Event "New Zealand Open Ch'p 2015"]
[Site "Devonport, Auckland"]
[Date "2015.01.03"]
[Round "3.51"]
[White "Mendoza, Darcy"]
[Black "Wang, Aaron Ziwen"]
[Result "0-1"]
[WhiteElo "612"]
[BlackElo "1409"]
[PlyCount "104"]
[EventDate "2015.01.01"]
[EventType "swiss"]
[EventRounds "9"]
[SourceDate "2015.01.01"]

1. e4 c5 2. Nf3 d6 3. d4 cxd4 4. Nxd4 Nf6 5. Nc3 a6 6. g3 e5 7. Nb3 Be7 8. Bg2
O-O 9. O-O Be6 10. Be3 Nbd7 11. Nc1 Rc8 12. N1e2 Nb6 13. a4 Nc4 14. Qc1 Ng4 15.
Bd2 Nxd2 16. Qxd2 Bg5 17. f4 Qb6+ 18. Kh1 Nf2+ 19. Rxf2 Qxf2 20. fxg5 Bg4 21.
Nd5 Rfe8 22. Re1 Bf3 23. Bxf3 Qxf3+ 24. Kg1 Qxe4 25. Nec3 Qd4+ 26. Qf2 Qxf2+
27. Kxf2 e4 28. a5 Re6 29. h4 f5 30. Ke3 Re5 31. Rc1 Rc5 32. b4 Rcxd5 33. Nxd5
Rxd5 34. Rf1 g6 35. Rf4 Rb5 36. g4 Kf7 37. Kd4 Rxb4+ 38. Ke3 Rb5 39. h5 Rxa5
40. gxf5 Rxf5 41. hxg6+ Kxg6 42. Rxe4 Re5 43. c4 Rxe4+ 44. Kxe4 Kxg5 45. Kd5 h5
46. Kxd6 h4 47. Kc7 h3 48. Kxb7 h2 49. c5 h1=Q+ 50. c6 Qc1 51. c7 Qxc7+ 52.
Kxc7 a5 0-1

[Event "New Zealand Open Ch'p 2015"]
[Site "Devonport, Auckland"]
[Date "2015.01.03"]
[Round "3.52"]
[White "Nylund, Timothy"]
[Black "Yan, Sarah"]
[Result "0-1"]
[WhiteElo "1405"]
[BlackElo "1390"]
[PlyCount "138"]
[EventDate "2015.01.01"]
[EventType "swiss"]
[EventRounds "9"]
[SourceDate "2015.01.01"]

1. d4 d5 2. g3 Nf6 3. Nf3 Bf5 4. Bg2 e6 5. c4 c6 6. Nc3 Bb4 7. O-O O-O 8. Qb3
Qe7 9. a3 Bxc3 10. Qxc3 Nbd7 11. Qb3 Nb6 12. c5 Nc8 13. Ne5 Ng4 14. Nxg4 Bxg4
15. f3 Bf5 16. Bf4 f6 17. e4 Bg6 18. g4 e5 19. dxe5 fxe5 20. Bg3 Bf7 21. exd5
Bxd5 22. Qe3 b6 23. Bxe5 Qxc5 24. Qxc5 bxc5 25. Rac1 c4 26. Kf2 Rf7 27. Rfe1
Ne7 28. Kg3 Ng6 29. Bd6 Rd8 30. Bc5 Nf4 31. Bf1 Ne6 32. Bxa7 Rxa7 33. Bxc4 Bxc4
34. Rxc4 Rd6 35. Rce4 Ng5 36. Re8+ Kf7 37. Rc8 Rb7 38. b4 Ra7 39. Ra1 h6 40. a4
Rd4 41. Rxc6 Rxb4 42. a5 Rb3 43. Kf4 Rxf3+ 44. Ke5 Re3+ 45. Kd6 Re8 46. Rc7+
Rxc7 47. Kxc7 Ne6+ 48. Kb6 Re7 49. Rf1+ Kg6 50. Rc1 Kg5 51. a6 Kxg4 52. Rc8 g5
53. a7 Rxa7 54. Kxa7 h5 55. Rh8 Nd4 56. h3+ Kh4 57. Kb6 Nf3 58. Kc5 Ng1 59. Kd4
Nxh3 60. Ke3 Kg4 61. Ke2 Nf4+ 62. Kf2 h4 63. Kg1 Kg3 64. Kh1 g4 65. Rh7 h3 66.
Rh8 Kf3 67. Rh7 g3 68. Rh8 g2+ 69. Kg1 Ne2+ 0-1

[Event "New Zealand Open Ch'p 2015"]
[Site "Devonport, Auckland"]
[Date "2015.01.03"]
[Round "3.53"]
[White "McRae, John H"]
[Black "Braganza, Nadia"]
[Result "1-0"]
[WhiteElo "1133"]
[BlackElo "1334"]
[PlyCount "61"]
[EventDate "2015.01.01"]
[EventType "swiss"]
[EventRounds "9"]
[SourceDate "2015.01.01"]

1. d4 Nf6 2. e3 d6 3. c4 c6 4. Nc3 Bf5 5. Be2 e6 6. Nf3 Be7 7. O-O O-O 8. d5
Nbd7 9. Nd4 Bg4 10. Bxg4 Nxg4 11. Qxg4 Nf6 12. Qh3 exd5 13. cxd5 cxd5 14. b3
Qc7 15. Bb2 Qc8 16. Qf3 Qc5 17. Rac1 Rac8 18. Qf5 g6 19. Qf3 b6 20. Rfd1 Rfe8
21. Qh3 Rc7 22. Ncb5 Qb4 23. Nxc7 Rf8 24. Nc6 Qe4 25. Rd4 Qf5 26. Nxe7+ Kg7 27.
Nxf5+ Kg8 28. Nh6+ Kg7 29. Rxd5 Rd8 30. Ng4 Rf8 31. Bxf6+ 1-0

[Event "New Zealand Open Ch'p 2015"]
[Site "Devonport, Auckland"]
[Date "2015.01.03"]
[Round "3.54"]
[White "Nylund, Micah"]
[Black "Li, Leo Xiang Yu"]
[Result "1-0"]
[WhiteElo "1200"]
[BlackElo "955"]
[PlyCount "113"]
[EventDate "2015.01.01"]
[EventType "swiss"]
[EventRounds "9"]
[SourceDate "2015.01.01"]

1. e4 e5 2. Bc4 Nf6 3. Nc3 Nxe4 4. Nxe4 d5 5. Bxd5 Qxd5 6. d3 f5 7. Nc3 Qxg2 8.
Qf3 Qxf3 9. Nxf3 Nc6 10. Bg5 h6 11. Be3 Be6 12. O-O-O O-O-O 13. Kb1 f4 14. Bd2
Bg4 15. Nxe5 Bxd1 16. Nf7 Bf3 17. Re1 Bc5 18. Nxh8 Rxh8 19. Na4 Bb6 20. Nxb6+
cxb6 21. Bxf4 Kd7 22. Kc1 Rf8 23. Bg3 Nd4 24. Be5 Re8 25. Kd2 Bd5 26. Bxd4 g6
27. Rxe8 Kxe8 28. c4 Bc6 29. b3 h5 30. c5 bxc5 31. Bxc5 a6 32. Ke3 b5 33. Kf4
Kf7 34. Kg5 Bf3 35. a4 bxa4 36. bxa4 Bd5 37. a5 Be6 38. d4 Bf5 39. Kf4 Ke6 40.
Ke3 Kd5 41. Kf4 Kc6 42. Ke5 Kb5 43. Kd5 Kxa5 44. Kc6 Ka4 45. d5 Kb3 46. d6 a5
47. d7 Bxd7+ 48. Kxd7 a4 49. Ke6 a3 50. Bxa3 Kxa3 51. Kf6 Kb3 52. Kxg6 h4 53.
f4 h3 54. f5 Kc2 55. f6 Kd2 56. f7 Ke2 57. f8=Q 1-0

[Event "New Zealand Open Ch'p 2015"]
[Site "Devonport, Auckland"]
[Date "2015.01.03"]
[Round "3.55"]
[White "Ryu, Rosa"]
[Black "Mallela, Raivath"]
[Result "0-1"]
[WhiteElo "684"]
[BlackElo "1190"]
[PlyCount "80"]
[EventDate "2015.01.01"]
[EventType "swiss"]
[EventRounds "9"]
[SourceDate "2015.01.01"]

1. e4 c5 2. Nc3 e6 3. f4 Nc6 4. Nf3 Nge7 5. Bc4 d5 6. exd5 exd5 7. Bb5 a6 8.
Bxc6+ Nxc6 9. O-O Be7 10. d3 O-O 11. b3 Be6 12. Qe1 Nb4 13. Qd1 Bf6 14. d4 cxd4
15. Ne2 d3 16. Ba3 dxe2 17. Qxe2 Qb6+ 18. Kh1 Bxa1 19. Ng5 Bf6 20. Bxb4 Qxb4
21. Nxe6 fxe6 22. Qxe6+ Kh8 23. Qxd5 Rad8 24. Qh5 Rfe8 25. g3 Qe4+ 26. Qf3 Rd1
27. Qxe4 Rxf1+ 28. Kg2 Rxe4 29. Kxf1 Bc3 30. f5 Re1+ 31. Kg2 Re2+ 32. Kh3 Rxc2
33. a4 Rb2 34. Kg4 Rxb3 35. h4 Rb4+ 36. Kg5 Bf6+ 37. Kh5 g6+ 38. fxg6 hxg6+ 39.
Kxg6 Bxh4 40. Kh5 Bxg3 0-1

[Event "New Zealand Open Ch'p 2015"]
[Site "Devonport, Auckland"]
[Date "2015.01.03"]
[Round "3.56"]
[White "Steadman, Mathew"]
[Black "Yuan, Kimberley"]
[Result "1-0"]
[WhiteElo "1103"]
[BlackElo "1038"]
[PlyCount "69"]
[EventDate "2015.01.01"]
[EventType "swiss"]
[EventRounds "9"]
[SourceDate "2015.01.01"]

1. e4 c6 2. d3 d5 3. Nd2 dxe4 4. dxe4 e5 5. Ngf3 Nd7 6. c3 Ngf6 7. Qc2 Be7 8.
Be2 O-O 9. h3 Re8 10. Nf1 h6 11. g4 Nh7 12. Ng3 Ndf8 13. Nxe5 Qb6 14. Be3 Bc5
15. Bxc5 Qxc5 16. Nf3 Qe7 17. O-O-O Be6 18. a3 Rad8 19. Rxd8 Rxd8 20. Nf5 Bxf5
21. gxf5 Re8 22. Nd2 Nd7 23. Rg1 Kf8 24. Qd3 g5 25. fxg6 Qxe4 26. Nxe4 Ne5 27.
Qd6+ Kg8 28. gxh7+ Kxh7 29. Qf6 Rg8 30. Qf5+ Kh8 31. Qxe5+ Kh7 32. Qf5+ Kh8 33.
Qf6+ Kh7 34. Qxf7+ Kh8 35. Rxg8# 1-0

[Event "New Zealand Open Ch'p 2015"]
[Site "Devonport, Auckland"]
[Date "2015.01.04"]
[Round "4.2"]
[White "Sukandar, Irine Kharisma"]
[Black "Bischoff, Klaus"]
[Result "0-1"]
[WhiteElo "2392"]
[BlackElo "2490"]
[PlyCount "62"]
[EventDate "2015.01.01"]
[EventType "swiss"]
[EventRounds "9"]
[SourceDate "2015.01.01"]

1. e4 c5 2. Nf3 e6 3. d4 cxd4 4. Nxd4 a6 5. Nc3 Qc7 6. Bd3 Nf6 7. f4 d6 8. Qf3
Nc6 9. Be3 Bd7 10. O-O Be7 11. Rae1 h5 12. Kh1 g6 13. Nxc6 Bxc6 14. Bd4 O-O 15.
Qg3 Kh7 16. e5 Ng4 17. Qh3 dxe5 18. Qxh5+ Kg7 19. Rxe5 Nxe5 20. Bxe5+ Bf6 21.
Qg5 Qxe5 22. Qxe5 Bxe5 23. fxe5 Rad8 24. Kg1 Rh8 25. g3 Rd4 26. Re1 Kf8 27. Ne2
Rd5 28. Nc3 Rc5 29. Nd1 Rh5 30. g4 Rcxe5 31. Rf1 Rh4 0-1

[Event "New Zealand Open Ch'p 2015"]
[Site "Devonport, Auckland"]
[Date "2015.01.04"]
[Round "4.3"]
[White "Ker, Anthony F"]
[Black "Dive, Russell J"]
[Result "0-1"]
[WhiteElo "2302"]
[BlackElo "2315"]
[PlyCount "114"]
[EventDate "2015.01.01"]
[EventType "swiss"]
[EventRounds "9"]
[SourceDate "2015.01.01"]

1. e4 c6 2. d4 d5 3. exd5 cxd5 4. c4 Nf6 5. Nc3 Nc6 6. cxd5 Nxd5 7. Nf3 Bg4 8.
Qb3 Bxf3 9. gxf3 e6 10. Qxb7 Nxd4 11. Bb5+ Nxb5 12. Qc6+ Ke7 13. Qxb5 Qd7 14.
Nxd5+ Qxd5 15. Bg5+ f6 16. Qxd5 exd5 17. Be3 Ke6 18. O-O-O Bb4 19. a3 Rhc8+ 20.
Kb1 Bc5 21. Rhe1 Bxe3 22. Rxe3+ Kd6 23. Rde1 Rc4 24. Re6+ Kc5 25. Re7 Rf4 26.
R1e3 g5 27. Rxh7 a5 28. Rc3+ Kd6 29. h3 a4 30. b4 axb3 31. Rxb3 Re8 32. Rhb7
Re1+ 33. Kc2 Re2+ 34. Kd1 Rxf2 35. R7b6+ Ke5 36. Re3+ Kf5 37. Rb5 Rd4+ 38. Ke1
Rh2 39. Re2 Rxh3 40. Kf2 Rd3 41. Re3 Rh2+ 42. Kg3 Rxe3 43. Kxh2 Rxf3 44. Rxd5+
Kg4 45. a4 f5 46. a5 Rf2+ 47. Kg1 Ra2 48. Kf1 f4 49. Ke1 Kh4 50. Rf5 Ra4 51.
Kf2 g4 52. a6 Ra2+ 53. Kf1 Kg3 54. Rf6 f3 55. Re6 Ra1+ 56. Re1 Rxa6 57. Rb1 Rh6
0-1

[Event "New Zealand Open Ch'p 2015"]
[Site "Devonport, Auckland"]
[Date "2015.01.04"]
[Round "4.4"]
[White "Reilly, Tim"]
[Black "Rasmussen, Allan Stig"]
[Result "1/2-1/2"]
[WhiteElo "2238"]
[BlackElo "2526"]
[PlyCount "53"]
[EventDate "2015.01.01"]
[EventType "swiss"]
[EventRounds "9"]
[SourceDate "2015.01.01"]

1. d4 Nf6 2. c4 e6 3. Nc3 Bb4 4. e3 O-O 5. Bd3 d6 6. Nge2 c5 7. O-O Nc6 8. a3
Ba5 9. Qc2 h6 10. Bd2 Bb6 11. dxc5 dxc5 12. f4 Re8 13. Rad1 Bd7 14. Ng3 Qe7 15.
Nce4 Nxe4 16. Bxe4 f5 17. Bf3 g6 18. Bc3 Bc7 19. b4 a6 20. Qb2 Bb6 21. Rfe1 h5
22. Bf6 Qf7 23. Rd3 Rf8 24. Bc3 Rfd8 25. Bf6 Rf8 26. Bc3 Rfd8 27. Bf6 1/2-1/2

[Event "New Zealand Open Ch'p 2015"]
[Site "Devonport, Auckland"]
[Date "2015.01.04"]
[Round "4.5"]
[White "Drummond, Matthew"]
[Black "Van Riemsdijk, Herman C"]
[Result "1/2-1/2"]
[WhiteElo "2231"]
[BlackElo "2356"]
[PlyCount "132"]
[EventDate "2015.01.01"]
[EventType "swiss"]
[EventRounds "9"]
[SourceDate "2015.01.01"]

1. c4 e6 2. g3 d5 3. Bg2 Nf6 4. Nf3 Be7 5. O-O O-O 6. b3 a5 7. Nc3 c6 8. d4
Nbd7 9. Qc2 Re8 10. Rd1 Bf8 11. Bf4 Nh5 12. Bg5 f6 13. Bd2 f5 14. cxd5 exd5 15.
Qxf5 g6 16. Qd3 Bg7 17. Bg5 Nhf6 18. Qd2 Qe7 19. Re1 Qf8 20. Bxf6 Nxf6 21. Ne5
Bf5 22. e3 Ne4 23. Nxe4 dxe4 24. Nc4 c5 25. Rad1 cxd4 26. exd4 a4 27. Ne3 axb3
28. axb3 Rad8 29. Qc3 Qd6 30. Qc4+ Be6 31. d5 Bf7 32. Bxe4 Rc8 33. Qd3 Rc3 34.
Qb1 Qb4 35. Nc2 Qxb3 36. Qxb3 Rxb3 37. Nd4 Rb6 38. Ne6 Bf6 39. Re3 Rd6 40. Bc2
Rc8 41. Bb3 Bxe6 42. Rxe6 Rcd8 43. Rc1 Rxe6 44. dxe6 Re8 45. Rc7 Re7 46. Bd5
Kg7 47. Rc4 g5 48. Kg2 Be5 49. h4 h6 50. Kf3 Kf6 51. hxg5+ hxg5 52. Kg4 Bd6 53.
Rc3 Ke5 54. Bb3 Rg7 55. Rd3 Be7 56. Rd5+ Kxe6 57. Rxg5+ Kf6 58. Rxg7 Kxg7 59.
Kf5 b5 60. f4 Bc5 61. Ke5 Bf2 62. g4 Bb6 63. g5 Bc7+ 64. Kf5 Bd6 65. Ke4 Bc7
66. f5 Bd8 1/2-1/2

[Event "New Zealand Open Ch'p 2015"]
[Site "Devonport, Auckland"]
[Date "2015.01.04"]
[Round "4.6"]
[White "Hague, Ben"]
[Black "Croad, Nicholas"]
[Result "0-1"]
[WhiteElo "2317"]
[BlackElo "2254"]
[PlyCount "64"]
[EventDate "2015.01.01"]
[EventType "swiss"]
[EventRounds "9"]
[SourceDate "2015.01.01"]

1. e4 e6 2. d4 d5 3. Nc3 Bb4 4. e5 c5 5. a3 Bxc3+ 6. bxc3 Qa5 7. Bd2 Qa4 8. Qg4
Kf8 9. Qd1 b6 10. dxc5 bxc5 11. Nf3 Ne7 12. Rb1 Ba6 13. Bxa6 Qxa6 14. Qe2 c4
15. O-O Nbc6 16. Nd4 Nxd4 17. cxd4 Nf5 18. Bb4+ Kg8 19. Bc5 h5 20. Rb4 Qa5 21.
Rfb1 Qd8 22. f4 a6 23. Rb7 Qh4 24. Qf2 Qg4 25. Qf3 Qh4 26. Rd7 Rh6 27. Qf2 Rg6
28. Qxh4 Nxh4 29. g3 Nf5 30. Rbb7 h4 31. Rxf7 hxg3 32. h3 Nh4 0-1

[Event "New Zealand Open Ch'p 2015"]
[Site "Devonport, Auckland"]
[Date "2015.01.04"]
[Round "4.7"]
[White "Le Roy, Brice"]
[Black "Krstev, Antonio"]
[Result "1/2-1/2"]
[WhiteElo "2290"]
[BlackElo "2012"]
[PlyCount "92"]
[EventDate "2015.01.01"]
[EventType "swiss"]
[EventRounds "9"]
[SourceDate "2015.01.01"]

1. Nf3 d5 2. c4 c6 3. e3 Nf6 4. Nc3 g6 5. d4 Bg7 6. Ne5 O-O 7. c5 b6 8. b4 a5
9. Na4 Nfd7 10. Rb1 b5 11. Nxd7 Nxd7 12. Nb2 e5 13. a3 axb4 14. axb4 e4 15. Be2
f5 16. O-O Nf6 17. f3 Bd7 18. Qb3 Kh8 19. Nd1 g5 20. Nc3 Qe7 21. Bd2 h6 22. Ra1
f4 23. Rxa8 Rxa8 24. fxe4 fxe3 25. Bxe3 Nxe4 26. Nxe4 Qxe4 27. Bf3 Qg6 28. g4
Bf6 29. h3 Qg7 30. Qb2 Be8 31. Qf2 Be7 32. Bd1 Bg6 33. h4 Bd3 34. hxg5 Bxg5 35.
Bxg5 Qxg5 36. Re1 Be4 37. Rf1 Qg7 38. Kh2 Ra1 39. Be2 Ra2 40. Kh3 Rd2 41. Rd1
Rb2 42. Ra1 Kh7 43. Ra6 Qc7 44. Rxc6 Rb3+ 45. Kh4 Qxc6 46. Qf7+ Kh8 1/2-1/2

[Event "New Zealand Open Ch'p 2015"]
[Site "Devonport, Auckland"]
[Date "2015.01.04"]
[Round "4.8"]
[White "Steadman, Michael VR"]
[Black "Garbett, Paul A"]
[Result "1/2-1/2"]
[WhiteElo "2257"]
[BlackElo "2264"]
[PlyCount "75"]
[EventDate "2015.01.01"]
[EventType "swiss"]
[EventRounds "9"]
[SourceDate "2015.01.01"]

1. e4 c5 2. Nf3 Nc6 3. Nc3 d6 4. d4 cxd4 5. Nxd4 Nf6 6. Be2 e6 7. Be3 Be7 8.
O-O O-O 9. Kh1 e5 10. Nxc6 bxc6 11. f4 exf4 12. Bxf4 Qc7 13. Qd3 Bg4 14. Bxg4
Nxg4 15. h3 Ne5 16. Bxe5 dxe5 17. Qc4 Qb7 18. Rab1 Rad8 19. a3 Rd4 20. Qa2 Rd2
21. b4 Qb6 22. Rbd1 Bg5 23. Rxd2 Bxd2 24. Qc4 Qd4 25. Qxd4 exd4 26. Ne2 Be3 27.
Rd1 f5 28. exf5 Rxf5 29. Nxd4 Rd5 30. c3 c5 31. bxc5 Rxc5 32. Rd3 Bf2 33. g4
Be1 34. Ne2 Ra5 35. c4 Bf2 36. Kg2 Bb6 37. Nf4 Ra4 38. Nd5 1/2-1/2

[Event "New Zealand Open Ch'p 2015"]
[Site "Devonport, Auckland"]
[Date "2015.01.04"]
[Round "4.9"]
[White "Zelesco, Karl"]
[Black "Smith, Robert W"]
[Result "1-0"]
[WhiteElo "2210"]
[BlackElo "2233"]
[PlyCount "57"]
[EventDate "2015.01.01"]
[EventType "swiss"]
[EventRounds "9"]
[SourceDate "2015.01.01"]

1. e4 c5 2. a3 Nf6 3. e5 Nd5 4. Nc3 Nxc3 5. dxc3 d5 6. exd6 Qxd6 7. Qe2 e6 8.
g3 Bd7 9. Bf4 Qb6 10. O-O-O Bc6 11. Nf3 Be7 12. h4 Nd7 13. Bh3 O-O 14. h5 Rad8
15. Rhe1 Nf6 16. Rxd8 Rxd8 17. Ne5 Be8 18. g4 h6 19. g5 hxg5 20. Bxg5 Qd6 21.
Rg1 Nd7 22. Bxe7 Qxe7 23. Nxd7 Qxd7 24. h6 Qd5 25. Rxg7+ Kh8 26. Rg1 Bc6 27. f4
Qe4 28. Qg4 Qh7 29. Qg5 1-0

[Event "New Zealand Open Ch'p 2015"]
[Site "Devonport, Auckland"]
[Date "2015.01.04"]
[Round "4.10"]
[White "Gao, Hans"]
[Black "McNabb, Matthew D"]
[Result "1-0"]
[WhiteElo "2116"]
[BlackElo "2069"]
[PlyCount "89"]
[EventDate "2015.01.01"]
[EventType "swiss"]
[EventRounds "9"]
[SourceDate "2015.01.01"]

1. e4 c5 2. Nc3 Nc6 3. Bb5 Nd4 4. Bc4 a6 5. d3 e6 6. Nge2 b5 7. Bb3 Nxb3 8.
axb3 Bb7 9. O-O Ne7 10. Bg5 h6 11. Be3 Nc6 12. Ng3 g6 13. f4 Qc7 14. e5 Ne7 15.
Nge4 Nf5 16. Bf2 O-O-O 17. g4 Rg8 18. Nf6 Rg7 19. gxf5 gxf5+ 20. Bg3 Qc6 21.
Kf2 d6 22. Ne2 dxe5 23. fxe5 Be7 24. Qd2 Bxf6 25. exf6 Rg4 26. Ke1 c4 27. h3
Re4 28. bxc4 Rxc4 29. b3 Rxc2 30. Qxc2 Qxc2 31. Rc1 Qxc1+ 32. Nxc1 Rd5 33. Kd2
Kd7 34. Ne2 e5 35. Nc3 Rd4 36. Bxe5 Rh4 37. d4 Rxh3 38. Rxf5 Ke6 39. Rf1 h5 40.
b4 h4 41. Ne2 Rb3 42. Nf4+ Kf5 43. Nd3+ Kg4 44. Nc5 Bg2 45. Rf4+ 1-0

[Event "New Zealand Open Ch'p 2015"]
[Site "Devonport, Auckland"]
[Date "2015.01.04"]
[Round "4.12"]
[White "Maris, Robert"]
[Black "McLaren, Leonard J"]
[Result "1/2-1/2"]
[WhiteElo "1895"]
[BlackElo "2210"]
[PlyCount "92"]
[EventDate "2015.01.01"]
[EventType "swiss"]
[EventRounds "9"]
[SourceDate "2015.01.01"]

1. d4 Nf6 2. Nf3 e6 3. e3 b6 4. Bd3 Bb7 5. O-O d5 6. b3 Nbd7 7. Bb2 g6 8. c4
Bg7 9. Nc3 O-O 10. Rc1 c5 11. Qe2 Qe7 12. Rfd1 Rfd8 13. cxd5 Nxd5 14. Nxd5 Bxd5
15. e4 Bb7 16. Ba6 Bxa6 17. Qxa6 cxd4 18. Bxd4 e5 19. Bb2 Nc5 20. Qe2 Ne6 21.
Qe3 f6 22. g3 h5 23. Qe2 Kh7 24. Rxd8 Rxd8 25. Rd1 Rc8 26. Rc1 Rxc1+ 27. Bxc1
Qb4 28. Bd2 Nd4 29. Nxd4 Qxd4 30. Bc1 Bf8 31. Bb2 Qb4 32. Bc1 Bc5 33. Qd2 Qxd2
34. Bxd2 f5 35. Bc3 fxe4 36. Bxe5 g5 37. h3 Kg6 38. g4 hxg4 39. hxg4 Kf7 40.
Bc7 Be7 41. f3 exf3 42. Kf2 Ke6 43. Kxf3 Kd5 44. Ke3 b5 45. Kd3 Bf6 46. Ba5 Be5
1/2-1/2

[Event "New Zealand Open Ch'p 2015"]
[Site "Devonport, Auckland"]
[Date "2015.01.04"]
[Round "4.13"]
[White "Thornton, Giovanni A"]
[Black "Gong, Daniel Hanwen"]
[Result "1-0"]
[WhiteElo "2143"]
[BlackElo "1870"]
[PlyCount "155"]
[EventDate "2015.01.01"]
[EventType "swiss"]
[EventRounds "9"]
[SourceDate "2015.01.01"]

1. d4 Nf6 2. c4 g6 3. Nc3 Bg7 4. e4 d6 5. Nge2 O-O 6. Ng3 c5 7. d5 e6 8. Be2
exd5 9. cxd5 Re8 10. O-O a6 11. a4 b6 12. f3 Nbd7 13. Be3 h5 14. Bg5 Nf8 15.
Qd2 N8h7 16. Be3 Ra7 17. Nh1 Ree7 18. Nf2 Ne8 19. Rab1 Nc7 20. b4 Qe8 21. Rfc1
Rb7 22. Nfd1 cxb4 23. Rxb4 b5 24. axb5 axb5 25. Nxb5 Nxb5 26. Bxb5 Rxb5 27.
Rxb5 Qxb5 28. Rxc8+ Nf8 29. Bd4 Rb7 30. Bxg7 Kxg7 31. g3 Nd7 32. Kg2 f6 33. Nf2
Qb1 34. Rc1 Qb3 35. Nd3 Ra7 36. Qc3 Qb6 37. Rc2 Qb1 38. Rc1 Qb6 39. Rc2 Qb1 40.
Qb2 Qd1 41. Rd2 Qa4 42. Qb4 Qa6 43. Nf4 Rb7 44. Ne6+ Kh7 45. Qc3 Rb1 46. Rf2
Qa7 47. Qc6 Ne5 48. Qc7+ Qxc7 49. Nxc7 Nc4 50. Re2 Kg7 51. Ne6+ Kf7 52. Ra2
Rb2+ 53. Rxb2 Nxb2 54. h4 Nc4 55. Kf2 Ne5 56. Nd8+ Ke8 57. Nc6 Nd3+ 58. Ke3 Nc5
59. g4 Kf7 60. Nd4 Nd7 61. gxh5 gxh5 62. Nf5 Ne5 63. Nxd6+ Kg6 64. Nf5 Kf7 65.
f4 Nd7 66. Kd4 Kg6 67. d6 Kf7 68. Kd5 Nb8 69. Ng3 Nd7 70. Nxh5 Nb8 71. Ng3 Nd7
72. Kc6 Nf8 73. f5 Ke8 74. Kc7 Nd7 75. h5 Ne5 76. h6 Kf7 77. d7 Nxd7 78. Kxd7
1-0